|
|
แสดงรายละเอียดบรรณานุกรม |
|
|
Brief Record
: Get Marc (ISO 2709)
: E-mail record
: |
| LEADER 00000nama 2200000uu 4500 | |||
| 008 040531s|||| th m m a000 0 tha d | |||
| 020 974-92454-0-7 | |||
| 041 tha | |||
| 050 WY152 ร765ค 2548 | |||
| 100 เรณู อาจสาลี. | |||
| 245 คำศัพท์ การพยาบาลผู้ใหญ่. | |||
| 260 ภาควิชาศัลยศาสตร์ มหาวิทยาลัยมหิดล. กรุงเทพฯ. 2548. | |||
| 300 162หน้า. | |||
| 600 I.เรณู อาจสาลี. | |||
| 650 1.การพยาบาลผู้ใหญ่--ศัพท์บัญญัติ 2.การพยาบาลผู้ใหญ่--คำศัพท์. | |||
| 995 001 | |||
| คุณยังไม่ได้ล็อกอิน คุณสามารถมีกิจกรรมร่วมกับเว็บไซต์ได้ แต่ต้องล็อกอินก่อน :: |
|
| สถานะ | |||||||||
| 1. | หนังสือทั่วไป | WY152 ร765ค 2548 | On Shelf ขอยืม | ||||||
| 2. | หนังสือทั่วไป | WY152 ร765ค 2548 | On Shelf ขอยืม | ||||||
| [แสดง 2/2 รายการ] | |||||||||
| รายการใกล้เคียง ผู้แต่ง [เรณู อาจสาลี.]
|
BibComment |
| คอมเมนท์ทรัพยากรรายการนี้ |
|
|